1998 World Cup Winners - France - Statistics

General Stats
  • This quiz has been taken 101 times
  • The average score is 13 of 22
Answer Stats
# Position Answer % Correct
10 MF Zinedine Zidane
96%
16 GK Fabien Barthez
94%
12 FW Thierry Henry
89%
15 DF Lilian Thuram
80%
8 DF Marcel Desailly
80%
17 MF Emmanuel Petit
77%
7 MF Didier Deschamps
76%
3 DF Bixente Lizarazu
72%
4 MF Patrick Vieira
70%
20 FW David Trezeguet
68%
5 DF Laurent Blanc
68%
6 MF Youri Djorkaeff
56%
19 MF Christian Karembeu
50%
9 FW Stéphane Guivarc'h
49%
11 MF Robert Pires
46%
1 GK Bernard Lama
38%
21 FW Christophe Dugarry
38%
2 DF Vincent Candela
33%
14 MF Alain Boghossian
21%
22 GK Lionel Charbonnier
21%
13 MF Bernard Diomède
17%
18 DF Frank Lebouef
13%
No matching quizzes found
Score Distribution
Percent of People with Each Score
Percentile by Number Answered
Your Score History
You have not taken this quiz